000 00271nam a2200133Ia 4500
100 _aVenkateswarlu/N.B
650 _aunix
942 _cBK
245 _aAdvanced UNIX Programming
260 _bBS Publication
_c2005
300 _a361
546 _aENGLISH
999 _c20111
_d20111